| 000 | 00693nam a2200205Ia 4500 | ||
|---|---|---|---|
| 999 |
_c18640 _d18640 |
||
| 082 | _aTA.0282 | ||
| 100 | _aArif, Mohammad | ||
| 245 | 0 | _aProfessionalisation of management in co-operative sector sugar mills of U.P. | |
| 250 | _aJamia Millia Islamia | ||
| 260 |
_aNew Delhi _bJamia Millia Islamia _c2002 |
||
| 300 | _a303 | ||
| 504 | _aincludes appendices and bibliography | ||
| 650 |
_aSugar industries _vUttar Pradesh |
||
| 650 |
_aIndustrial policy _vUttar Pradesh |
||
| 650 |
_aIndustrial management _vUttar Pradesh |
||
| 650 |
_aSugar industries _vManagement _vUttar Pradesh |
||
| 650 |
_aCooperative industrial reserach _vUttar Pradesh |
||
| 710 | _aAnsari, A.A. | ||
| 942 |
_cTH _2ddc |
||